MARC

LEADER 00000nam0a2200000 4500
001 250736
005 20231101232606.0
035 |a (RuTPU)RU\TPU\book\272959 
090 |a 250736 
100 |a 20140217d1989 k y0rusy50 ca 
101 0 |a rus 
102 |a RU 
105 |a y z 001zy 
200 1 |a Направления совершенствования системы управления научно-исследовательской деятельностью вузов  |e сборник научных трудов  |f Научно-исследовательский институт высшей школы (НИИВШ) ; под ред. Л. С. Цеснека 
210 |a Москва  |c Изд-во НИИВШ  |d 1989 
215 |a 172 с. 
320 |a Библиография в конце статей 
606 1 |a Высшие учебные заведения  |x Научно-исследовательская работа  |2 stltpush  |3 (RuTPU)RU\TPU\subj\4003  |9 32319 
610 1 |a наука 
610 1 |a научно-исследовательская деятельность 
610 1 |a научно-исследовательская работа 
610 1 |a научно-исследовательские проекты 
610 1 |a вузы 
610 1 |a финансы 
610 1 |a интеграционные процессы 
610 1 |a научно-технический потенциал 
686 |a Ч214(2)73  |v LBC/SL-A  |2 rubbk 
702 1 |a Цеснек  |b Л. С.  |4 340 
712 0 2 |a Научно-исследовательский институт высшей школы (НИИВШ)  |c (Москва)  |2 stltpush  |3 (RuTPU)RU\TPU\col\18832 
801 1 |a RU  |b 63413507  |c 20140217 
801 2 |a RU  |b 63413507  |c 20140221  |g RCR 
942 |c BK